000 00604nam a22002297a 4500
003 UA-OsUOA
001 49406
007 ta
008 20071004b un ||||| |||| 00| 0 ukr d
100 _aНовиченко Л.
090 _a82.09
_bН73
942 _cBK
040 _aUA-OsUOA
_bukr
_cUA-OsUOA
_dUA-OsUOA
245 _aПоезія і революція
300 _a296 с.
955 _a3
041 _aukr
080 _a82.09
260 _aМ.
_bСоветский писатель
_c1957
650 7 _a82 Література. Літературознавство
_2UDC
999 _c335509
_d335509